El Añil 1580-1720: posibilidades y frustraciones
Salvato in:
| Autore principale: | |
|---|---|
| Natura: | testo |
| Pubblicazione: |
San José:
CSUCA
|
| Tags: |
Aggiungi Tag
Nessun Tag, puoi essere il primo ad aggiungerne!!
|
MARC
| LEADER | 00000 a a2200000 04500 | ||
|---|---|---|---|
| 001 | 21818 | ||
| 003 | |||
| 040 | |||
| 090 | |a 097900 | ||
| 100 | |a Molina Chocano, Guillermo | ||
| 245 | |a El Añil 1580-1720: posibilidades y frustraciones | ||
| 260 | |a San José: |b CSUCA | ||
| 300 | |a 48 p. | ||
| 999 | |c 12716 |d 12716 | ||
